Types of Xbox - Statistics

General Stats
  • This quiz has been taken 35 times
  • The average score is 5 of 5
Answer Stats
Year launched Answer % Correct
2005 360
100%
2020 Series S
100%
2020 Series X
100%
2013 One
97%
2001 Xbox
91%
No matching quizzes found
Score Distribution
Percent of People with Each Score
Percentile by Number Answered
Your Score History
You have not taken this quiz